Bienvenue à la Médiathèque de Saint-Andiol
banniere
Accueil Recherche avancée Mon compte
handi1 Rechercher dans le catalogue

Filtre   Mots-clés
  Recherche avancée
 
Lister les dernières nouveautés
 
Lister les livres GROS CARACTERES
 
Lister les périodiques (magazines)

handi1 Nos étoiles manquées

Book Cover
Auteur principal : Anna Todd
Autres auteurs : Claire Sarradel
Titre : Nos étoiles manquées
Support : Livres
Langue : Francais
Publié : 2021 Hugo Poche Paris
Series : Stars
Genre : Roman
Collection : New romance
Sujets :
Étiquettes :
Pas de tags
LEADER 01254nam0a2200277 450
001 16867807
010 |a 978-2-7556-8855-9  |b br.  |d 7,6 € 
100 |a 20210303d2021 u u0frey01 ba 
101 1 |a fre  |c fre 
102 |a FR 
200 0 |a Nos étoiles manquées  |f Anna Todd  |g traduit de l'américain par Claire Sarradel 
207 1 |a   
210 |a Paris  |c Hugo Poche  |d 2021 
215 |a 1 vol. (381 p.)  |d 18 x 11 cm 
225 1 |a New romance  |x 2275-6345 
330 |a Karina, 20 ans, est masseuse à Atlanta et a trouvé un équilibre dans sa vie. Mais les nombreuses affectations de son père militaire détériorent leur relation et le comportement presque incontrôlable de son frère provoque la rupture de la famille. Seule sa rencontre avec Kael, un soldat venant se faire masser et qui ne parle jamais, apaise Karina. Le jeune homme cache cependant bien des mensonges. 
461 0 |t Stars  |v 02 
606 0 |a Littérature américaine 
606 0 |a Militaires américains 
606 0 |a Drogues  |x Effets physiologiques 
676 |a 813 
700 0 |a Todd  |b Anna  |4 70 
702 0 |a Sarradel  |b Claire  |4 730 
900 |a Roman 
901 |a Adultes 
995 |a Médiathèque  |c Médiathèque  |f 00156009458621  |h 00156009458621  |k R TOD 2  |o p  |q a  |r az  |e Médiathèque